书目信息 |
| 题名: |
海鸥才不管那么多
|
|
| 作者: | 布卢门塔尔 著 ;郭爽 译 | |
| 分册: | ||
| 出版信息: | 北京 北京科学技术出版社 2023.12 |
|
| 页数: | 230页 | |
| 开本: | 20cm | |
| 丛书名: | ||
| 单 册: | ||
| 中图分类: | B84 | |
| 科图分类: | ||
| 主题词: | 心理学--xin li xue--通俗读物 | |
| 电子资源: | ||
| ISBN: | 978-7-5714-4421-1 | |
| 000 | 01247nam0 2200325 450 | |
| 001 | CAL 012025077126 | |
| 005 | 20250923040320.9 | |
| 010 | @a978-7-5714-4421-1@dCNY49.90 | |
| 099 | @aCAL 012025077126 | |
| 100 | @a20250530d2025 em y0chiy0120 ea | |
| 101 | 1 | @achi@cger |
| 102 | @aCN@b110000 | |
| 105 | @aa z 000yy | |
| 106 | @ar | |
| 200 | 1 | @a海鸥才不管那么多@Ahai ou cai bu guan na me duo@e我是如何不再当老好人的@f(德) 莱亚·布卢门塔尔著@d= Mach's Wie die m?we@escheiss drauf@fLea Blumenthal@g郭爽译@zger |
| 210 | @a北京@c北京科学技术出版社@d2023.12 | |
| 215 | @a230页@c图@d20cm | |
| 305 | @a据2022年德文版译出 | |
| 330 | @a本书作者以第一人称的视角,在艺术加工下,讲述了主人公丽娅,从一个唯唯诺诺的女孩,逐渐变得自信、独立、不畏冲突的经历和心路历程。 | |
| 500 | 10 | @aMach's wie die M?we, schei? drauf!@mChinese |
| 510 | 1 | @aMach's Wie die M?we : scheiss drauf@zger |
| 517 | 1 | @a我是如何不再当老好人的@Awo shi ru he bu zai dang lao hao ren de |
| 586 | @a | |
| 606 | 0 | @a心理学@Axin li xue@j通俗读物 |
| 690 | @aB84@v5 | |
| 701 | 1 | @a布卢门塔尔@Abu lu men ta er@g(Blumenthal, Lea),@f1983-@4著 |
| 702 | 0 | @a郭爽@Aguo shuang@4译 |
| 801 | 0 | @aCN@c20250923 |
| 905 | @a河南城建学院图书馆@dB84@eB982/2@f1 | |
| 998 | @aBNU | |
| 海鸥才不管那么多:我是如何不再当老好人的/(德) 莱亚·布卢门塔尔著= Mach's Wie die m?we:scheiss drauf/Lea Blumenthal/郭爽译.-北京:北京科学技术出版社,2023.12 |
| 230页:图;20cm |
| ISBN 978-7-5714-4421-1:CNY49.90 |
| 本书作者以第一人称的视角,在艺术加工下,讲述了主人公丽娅,从一个唯唯诺诺的女孩,逐渐变得自信、独立、不畏冲突的经历和心路历程。 |
| ● |
| 相关链接 |
|
|
|
正题名:海鸥才不管那么多
索取号:B84/B982/2
 
预约/预借
| 序号 | 登录号 | 条形码 | 馆藏地/架位号 | 状态 | 备注 |
| 1 | 1555488 | 215554889 | 社科库509/ [索取号:B84/B982/2] | 在馆 |